Centrum chorvátskej kultúry, Jarovce

Guardado en:
Detalles Bibliográficos
Autor principal: Senková, Tereza (Autor)
Otros Autores: Polakovič, Štefan (Orientador)
Formato: Manuscrito Libro
Lenguaje:eslovaco
Publicado: 2025
Materias:
Acceso en línea:http://is.stuba.sk/zp/portal_zp.pl?podrobnosti=168200
Etiquetas: Agregar Etiqueta
Sin Etiquetas, Sea el primero en etiquetar este registro!

MARC

LEADER 00000ntm a22000003a 4500
001 stuzp104688
003 SK-STU
005 20250614213302.3
007 ta
008 150427s2015----xo-----f-mn---000-0-slo-d
040 |a STU  |b slo 
041 0 |a slo 
100 1 |a Senková, Tereza  |u 058180  |4 aut  |U FAD Fakulta architektúry a dizajnu  |T FAD Ústav architektúry občianskych budov  |X 115535  |U A8180  |Y 399  |7 115535 
242 0 1 |a Croatian Cultural Center, Jarovce  |y eng 
245 1 0 |a Centrum chorvátskej kultúry, Jarovce 
260 |c 2025 
650 4 |a croatian culture  |2 eng 
650 4 |a cultural center  |2 eng 
650 4 |a Jarovce  |2 eng 
650 4 |a chorvátska kultúra  |2 slo 
650 4 |a kultúrne centrum  |2 slo 
650 4 |a Jarovce  |2 slo 
700 1 |a Polakovič, Štefan  |u 058180  |k Z8  |4 ths  |U FAD Fakulta architektúry a dizajnu  |T FAD Ústav architektúry občianskych budov  |X 70902  |U A8180  |Y 399  |7 A000070902 
856 4 |u http://is.stuba.sk/zp/portal_zp.pl?podrobnosti=168200